[Event "XV Festival A"]
[Site "Cesenatico ITA"]
[Date "2011.09.08"]
[Round "7"]
[White "De Filomeno, Simone"]
[Black "Galdunts, Sergey"]
[WhiteElo "2293"]
[BlackElo "2462"]
[Result "1-0"]
[PlyCount "103"]
[EventDate "2011.09.03"]

1. e4 e5 2. Nf3 Nc6 3. Bb5 a6 4. Ba4 Nge7 5. O-O g6 6. c3 Bg7 7. d4 exd4 8.
cxd4 b5 9. Bc2 d5 10. Nc3 O-O 11. Bg5 h6 12. Bh4 dxe4 13. Bxe4 g5 14. Bg3 f5
15. Bxc6 Nxc6 16. d5 f4 17. dxc6 Be6 18. Re1 Bc4 19. Ne5 fxg3 20. hxg3 Bxe5 21.
Rxe5 Qf6 22. Qe1 Qxc6 23. Ne4 Rad8 24. b3 Bd5 25. Rc1 Qd7 26. Nc5 Qd6 27. Qe3
Rf7 28. Rd1 c6 29. Ne6 Rdd7 30. Nd4 Qg6 31. g4 Rf4 32. Nf5 Rxg4 33. f3 Rf4 34.
Ne7+ Rxe7 35. Rxe7 Qf6 36. Qa7 Qc3 37. Rde1 Rf7 38. Qb8+ Rf8 39. Qe5 Qxe5 40.
R1xe5 Rf6 41. Ra7 Bf7 42. Rxa6 Kg7 43. Re3 Rd6 44. a4 bxa4 45. bxa4 Rd1+ 46.
Kh2 Bd5 47. Ra3 Rd2 48. a5 Kg6 49. Ra8 g4 50. Kg3 h5 51. a6 Kg5 52. Rh8 1-0

[Event "XV Festival A"]
[Site "Cesenatico ITA"]
[Date "2011.09.08"]
[Round "7"]
[White "Friedrich, Norbert"]
[Black "Stella, Andrea"]
[WhiteElo "2311"]
[BlackElo "2447"]
[Result "0-1"]
[PlyCount "146"]
[EventDate "2011.09.03"]

1. e4 c5 2. Nf3 d6 3. d4 cxd4 4. Nxd4 Nf6 5. Nc3 a6 6. Be2 e5 7. Nb3 Be7 8. Be3
Be6 9. f4 exf4 10. Bxf4 Nc6 11. Qd2 d5 12. exd5 Nxd5 13. Nxd5 Qxd5 14. O-O-O
Qxd2+ 15. Rxd2 O-O 16. Bf3 Rac8 17. Rhd1 g5 18. Bd6 Rfe8 19. Bxe7 Rxe7 20. Nc5
Bf5 21. a3 Nd4 22. Rxd4 Rxc5 23. c3 Be6 24. Bd5 Kg7 25. Re1 Kf6 26. Rf1+ Kg7
27. Re1 Rd7 28. Bxe6 Rxd4 29. Bb3 Rd7 30. Bc2 h6 31. Re2 b6 32. Re3 Rd6 33. Bd3
a5 34. Kc2 g4 35. h3 gxh3 36. Rxh3 Rg5 37. Be4 Re5 38. Bf3 Re3 39. Rh5 Kg6 40.
Rb5 f6 41. c4 Re5 42. Bd5 f5 43. Kd2 h5 44. a4 h4 45. Rb3 Kg5 46. Rh3 Rdxd5+
47. cxd5 Rxd5+ 48. Ke2 Rd4 49. b3 Rg4 50. Kf2 f4 51. Rd3 Rg3 52. Rd5+ Kg4 53.
Rb5 h3 54. gxh3+ Rxh3 55. Rxb6 Rh2+ 56. Kg1 Rb2 57. Rb5 Rb1+ 58. Kf2 Rb2+ 59.
Kg1 Kg3 60. Rg5+ Kf3 61. Rxa5 Rb1+ 62. Kh2 Rb2+ 63. Kh3 Rxb3 64. Rc5 Ke2+ 65.
Kg4 f3 66. Rc2+ Ke1 67. Rc1+ Kd2 68. Ra1 f2 69. Ra2+ Ke1 70. Ra1+ Ke2 71. Ra2+
Kf1 72. Ra1+ Kg2 73. Ra2 Kg1 0-1

[Event "XV Festival A"]
[Site "Cesenatico ITA"]
[Date "2011.09.08"]
[Round "7"]
[White "Korneev, Oleg"]
[Black "Xia, Jie"]
[WhiteElo "2580"]
[BlackElo "2249"]
[Result "1-0"]
[PlyCount "67"]
[EventDate "2011.09.03"]

1. e4 c5 2. Nf3 Nc6 3. d4 cxd4 4. Nxd4 g6 5. c4 Nf6 6. Nc3 Nxd4 7. Qxd4 d6 8.
Be2 Bg7 9. O-O O-O 10. Qe3 Be6 11. Bd2 a5 12. b3 Nd7 13. Rac1 Nc5 14. f4 f5 15.
Bf3 Bf7 16. Kh1 e6 17. Rfe1 Qb6 18. Nb5 Rad8 19. exf5 exf5 20. Bc3 Rfe8 21. Qd2
Bxc3 22. Nxc3 Rxe1+ 23. Rxe1 Re8 24. Rxe8+ Bxe8 25. h3 Bf7 26. Nb5 a4 27. b4
Ne4 28. Bxe4 fxe4 29. Qxd6 Qf2 30. Qb8+ Kg7 31. Qe5+ Kg8 32. Nd6 e3 33. Qf6
Bxc4 34. Ne8 1-0

[Event "XV Festival A"]
[Site "Cesenatico ITA"]
[Date "2011.09.08"]
[Round "7"]
[White "Mrdja, Milan"]
[Black "MacDonald, Christopher"]
[WhiteElo "2402"]
[BlackElo "2144"]
[Result "1-0"]
[PlyCount "77"]
[EventDate "2011.09.03"]

1. e4 c6 2. d4 d5 3. f3 e6 4. Nc3 Bb4 5. Qd3 b6 6. Nge2 Ba6 7. Qe3 Ne7 8. Bd2
O-O 9. O-O-O c5 10. exd5 exd5 11. a3 Bxc3 12. Bxc3 Bxe2 13. Qxe2 Nbc6 14. dxc5
bxc5 15. Qa6 Qc7 16. Bb5 Rfd8 17. Rhe1 Rab8 18. g3 Rb6 19. Qa4 d4 20. Bd2 Qb7
21. Bc4 h6 22. b3 Nf5 23. g4 Nd6 24. g5 hxg5 25. Bxg5 Rd7 26. Bf4 g6 27. h4
Nxc4 28. Re8+ Kg7 29. Qxc4 Na5 30. Be5+ f6 31. Qg8+ Kh6 32. Qh8+ Rh7 33. Qf8+
Kh5 34. Bxf6 Qxf3 35. Qxc5+ Kg4 36. Qxd4+ Kh3 37. Re3 Nxb3+ 38. cxb3 Rc7+ 39.
Kb2 1-0

[Event "XV Festival A"]
[Site "Cesenatico ITA"]
[Date "2011.09.09"]
[Round "8"]
[White "Brunner, Werner"]
[Black "Friedrich, Norbert"]
[WhiteElo "2138"]
[BlackElo "2311"]
[Result "1/2-1/2"]
[PlyCount "45"]
[EventDate "2011.09.03"]

1. Nf3 c5 2. c4 Nc6 3. e3 Nf6 4. d4 cxd4 5. exd4 d5 6. Nc3 Bg4 7. cxd5 Nxd5 8.
Be2 e6 9. O-O Be7 10. h3 Bh5 11. Qb3 Nb6 12. Be3 O-O 13. Rfd1 Nb4 14. Rac1 Rc8
15. a3 N4d5 16. Bd2 Bd6 17. Nxd5 Nxd5 18. Qxb7 Rb8 19. Qxa7 Rxb2 20. Rb1 Ra2
21. Ra1 Rb2 22. Rab1 Ra2 23. Ra1 1/2-1/2

[Event "XV Festival A"]
[Site "Cesenatico ITA"]
[Date "2011.09.09"]
[Round "8"]
[White "Dittmar, Peter"]
[Black "Sreeves, Clement"]
[WhiteElo "2305"]
[BlackElo "2204"]
[Result "0-1"]
[PlyCount "104"]
[EventDate "2011.09.03"]

1. c4 f5 2. g3 Nf6 3. Bg2 e6 4. Nc3 Be7 5. d3 O-O 6. Nf3 Nc6 7. O-O d6 8. Rb1
Qe8 9. b4 Qh5 10. b5 Nd8 11. a4 Nf7 12. e4 e5 13. Nh4 fxe4 14. Nxe4 Bg4 15. Bf3
Bxf3 16. Qxf3 Qxf3 17. Nxf3 Nd8 18. Kg2 Ne6 19. Be3 Ng4 20. a5 Rxf3 21. Kxf3
Nxh2+ 22. Ke2 Nxf1 23. Kxf1 a6 24. bxa6 Rxa6 25. Rxb7 Rxa5 26. Nc3 Bd8 27. Nb5
Kf8 28. d4 exd4 29. Nxd4 Nxd4 30. Bxd4 Ra8 31. c5 dxc5 32. Bxc5+ Kf7 33. Bd6
Rc8 34. Be5 g6 35. g4 Ke6 36. Bg3 h5 37. gxh5 gxh5 38. Rb4 Bf6 39. Re4+ Kf5 40.
Rf4+ Kg6 41. Rc4 c5 42. f3 Bd4 43. Bf2 Rd8 44. Rxc5 Bxc5 45. Bxc5 Rd2 46. Kg1
Kf5 47. Kh1 Kf4 48. Bb6 Rc2 49. Ba7 Kg3 50. Bb8+ Kh3 51. Ba7 Rc1+ 52. Bg1 Kg3
0-1

[Event "XV Festival A"]
[Site "Cesenatico ITA"]
[Date "2011.09.09"]
[Round "8"]
[White "Galdunts, Sergey"]
[Black "Bemporad, Filippo"]
[WhiteElo "2462"]
[BlackElo "2093"]
[Result "1-0"]
[PlyCount "179"]
[EventDate "2011.09.03"]

1. e4 c5 2. Nf3 d6 3. d4 cxd4 4. Nxd4 Nf6 5. Nc3 e6 6. Be2 Be7 7. Be3 O-O 8.
O-O Nc6 9. f4 Qc7 10. Kh1 a6 11. Qe1 Na5 12. Rd1 Nc4 13. Bc1 b5 14. e5 Ne8 15.
b3 Nb6 16. Ne4 Bb7 17. exd6 Nxd6 18. Ng5 Bf6 19. Bd3 h6 20. Ngf3 Nd5 21. Bd2
Rfe8 22. Ne5 Nf5 23. Bxf5 exf5 24. Nxf5 Qxc2 25. Nd6 Nxf4 26. Nxb7 Rxe5 27. Qg3
Ne2 28. Qf2 Rae8 29. Bxh6 Qc7 30. Nd6 R8e6 31. Nf5 gxh6 32. Nxh6+ Kh7 33. Ng4
Rh5 34. Qf3 Kg6 35. Qd3+ Kg7 36. Rxf6 Ng3+ 37. Kg1 Ne2+ 38. Kh1 Ng3+ 39. Kg1
Ne2+ 40. Kf1 Ng3+ 41. hxg3 Rh1+ 42. Kf2 Rxd1 43. Qxd1 Qb6+ 44. Kf1 Rxf6+ 45.
Nxf6 Qxf6+ 46. Kg1 Qb6+ 47. Kf1 Qf6+ 48. Ke1 Qc3+ 49. Kf2 Qc5+ 50. Kf1 Qf5+ 51.
Kg1 Qc5+ 52. Kh2 Qf2 53. Qg4+ Kh7 54. a4 Qb6 55. Qb4 Kg7 56. a5 Qe6 57. Qd4+
Kf8 58. b4 Qf5 59. g4 Qh7+ 60. Kg3 Qb1 61. Qd6+ Kg7 62. Qe5+ Kf8 63. Qd6+ Kg7
64. Kh4 Qe1+ 65. g3 Qh1+ 66. Kg5 Qc1+ 67. Kf5 Qc2+ 68. Kg5 Qc1+ 69. Kf5 Qc2+
70. Kf4 Qf2+ 71. Ke4 Qe2+ 72. Kd4 Qc4+ 73. Ke3 Qc1+ 74. Qd2 Qg1+ 75. Ke4 Qxg3
76. Qd4+ Kh7 77. Kd5 Qf3+ 78. Kd6 Qg3+ 79. Kc6 Qb8 80. Qd7 Kg6 81. Qb7 Qf8 82.
Qxa6 Qxb4 83. Qxb5 Qxg4 84. a6 Qc8+ 85. Kb6 Qb8+ 86. Ka5 Qg3 87. a7 Qa3+ 88.
Kb6 Qe3+ 89. Qc5 Qb3+ 90. Kc7 1-0

[Event "XV Festival A"]
[Site "Cesenatico ITA"]
[Date "2011.09.09"]
[Round "8"]
[White "Korneev, Oleg"]
[Black "Stella, Andrea"]
[WhiteElo "2580"]
[BlackElo "2447"]
[Result "1-0"]
[PlyCount "75"]
[EventDate "2011.09.03"]

1. e4 c5 2. c3 d5 3. exd5 Qxd5 4. d4 Nf6 5. Nf3 e6 6. Be3 cxd4 7. cxd4 Nc6 8.
a3 g6 9. Nc3 Qd6 10. Ne5 Bg7 11. Nxc6 bxc6 12. Be2 O-O 13. O-O Nd5 14. Nxd5
cxd5 15. b4 Bd7 16. Qd2 Qb6 17. b5 a6 18. bxa6 Bc8 19. Rfb1 Qa7 20. a4 Bxa6 21.
Bxa6 Qxa6 22. a5 Rfc8 23. h4 h5 24. g3 Rc4 25. Kg2 Rc6 26. Rb3 Bf8 27. Qb2 Bd6
28. Qd2 Qc4 29. Rb7 Qa6 30. Rb3 Qc4 31. Rb7 Qa6 32. Rab1 Bc7 33. Bg5 Qxa5 34.
Rb8+ Rxb8 35. Rxb8+ Kg7 36. Bh6+ Kh7 37. Qg5 Bxb8 38. Qf6 1-0

[Event "XV Festival A"]
[Site "Cesenatico ITA"]
[Date "2011.09.09"]
[Round "8"]
[White "Mauro, Alan"]
[Black "Cocchi, Andrea"]
[WhiteElo "2194"]
[BlackElo "2297"]
[Result "0-1"]
[PlyCount "80"]
[EventDate "2011.09.03"]

1. e4 c5 2. Nf3 d6 3. d4 cxd4 4. Nxd4 Nf6 5. Bd3 a6 6. O-O e6 7. Kh1 Nc6 8.
Nxc6 bxc6 9. f4 e5 10. fxe5 dxe5 11. Bg5 Be7 12. Nd2 Ng4 13. Qf3 O-O 14. Bxe7
Qxe7 15. h3 Nh6 16. Nc4 Rb8 17. Qg3 f6 18. b3 Nf7 19. Ne3 Nd6 20. a4 Rb4 21.
Nc4 Nb7 22. c3 Rxb3 23. Bc2 Nc5 24. Bxb3 Nxb3 25. Rab1 Be6 26. Qd3 Rd8 27. Qe2
Qc5 28. Rfd1 Rxd1+ 29. Rxd1 h6 30. Nd6 Qxc3 31. Qh5 Kh7 32. Nf5 Qc4 33. Qf3 Nd4
34. Nxd4 exd4 35. Qa3 c5 36. Rc1 Qe2 37. Qxc5 d3 38. Rg1 Qxe4 39. Qe7 d2 40.
Qd6 Bd5 0-1

[Event "XV Festival A"]
[Site "Cesenatico ITA"]
[Date "2011.09.09"]
[Round "8"]
[White "Oswald, David C."]
[Black "Lain, Luigi"]
[WhiteElo "2027"]
[BlackElo "2234"]
[Result "0-1"]
[PlyCount "56"]
[EventDate "2011.09.03"]

1. f4 g6 2. Nf3 d5 3. e3 Bg7 4. Be2 e6 5. O-O Ne7 6. d3 O-O 7. Qe1 c5 8. e4
Nbc6 9. Nc3 b6 10. Kh1 Bb7 11. Qh4 Nd4 12. Bd1 Nec6 13. Qh3 Nb4 14. f5 exf5 15.
Bh6 Nxf3 16. Bxf3 fxe4 17. Bxg7 Kxg7 18. dxe4 d4 19. Nb5 Nxc2 20. e5 Bxf3 21.
Qxf3 Nxa1 22. Rxa1 Qg5 23. Re1 Rae8 24. Qe4 Qf5 25. Qd5 Qf2 26. Qe4 d3 27. Nd6
Re6 28. Rd1 Qe2 0-1

[Event "XV Festival A"]
[Site "Cesenatico ITA"]
[Date "2011.09.09"]
[Round "8"]
[White "Sveshnikov, Evgeny E."]
[Black "De Filomeno, Simone"]
[WhiteElo "2504"]
[BlackElo "2293"]
[Result "1/2-1/2"]
[PlyCount "41"]
[EventDate "2011.09.03"]

1. e4 c5 2. f4 d5 3. exd5 Nf6 4. Bb5+ Nbd7 5. c4 a6 6. Bxd7+ Bxd7 7. Nf3 e6 8.
dxe6 Bxe6 9. d3 Bd6 10. O-O O-O 11. Nc3 Re8 12. Ng5 Bf5 13. Qf3 Bf8 14. Nge4
Nxe4 15. dxe4 Qd4+ 16. Be3 Bxe4 17. Bxd4 Bxf3 18. Bxg7 Bxg2 19. Rf2 Bxg7 20.
Rxg2 Kf8 21. Nd5 1/2-1/2

[Event "XV Festival A"]
[Site "Cesenatico ITA"]
[Date "2011.09.09"]
[Round "8"]
[White "Sveshnikov, Vladimir"]
[Black "Petkov, Vladimir"]
[WhiteElo "2412"]
[BlackElo "2511"]
[Result "1/2-1/2"]
[PlyCount "27"]
[EventDate "2011.09.03"]

1. e4 e5 2. Nf3 Nc6 3. Bc4 Bc5 4. c3 Nf6 5. d4 exd4 6. cxd4 Bb4+ 7. Bd2 Bxd2+
8. Nbxd2 d5 9. exd5 Nxd5 10. Qb3 Na5 11. Qa4+ Nc6 12. Qb3 Na5 13. Qa4+ Nc6 14.
Qb5 1/2-1/2

[Event "XV Festival A"]
[Site "Cesenatico ITA"]
[Date "2011.09.09"]
[Round "8"]
[White "Wlodarczyk, Robert"]
[Black "MacDonald, Christopher"]
[WhiteElo "2264"]
[BlackElo "2144"]
[Result "1-0"]
[PlyCount "55"]
[EventDate "2011.09.03"]

1. e4 c6 2. d3 d5 3. Nd2 e5 4. Ngf3 Bd6 5. g3 Nf6 6. Bg2 O-O 7. O-O Bg4 8. h3
Bxf3 9. Qxf3 dxe4 10. dxe4 Nbd7 11. Nc4 Bc7 12. Rd1 b5 13. Ne3 Bb6 14. Nf5 Qc7
15. Bg5 Kh8 16. Rd2 Rae8 17. h4 h6 18. Nxh6 Nh7 19. Nf5 Nxg5 20. hxg5 g6 21.
Bh3 Nc5 22. Rad1 gxf5 23. Qh5+ Kg8 24. Bxf5 f6 25. Rd7 Re7 26. Qg6+ Kh8 27.
Qh6+ Kg8 28. Bh7+ 1-0

[Event "XV Festival A"]
[Site "Cesenatico ITA"]
[Date "2011.09.10"]
[Round "9"]
[White "De Filomeno, Simone"]
[Black "Sveshnikov, Vladimir"]
[WhiteElo "2293"]
[BlackElo "2412"]
[Result "1/2-1/2"]
[PlyCount "46"]
[EventDate "2011.09.03"]

1. e4 c5 2. Nf3 Nc6 3. d4 cxd4 4. Nxd4 e5 5. Nb5 d6 6. c4 Be7 7. N1c3 a6 8. Na3
Nf6 9. Be2 O-O 10. Nc2 Be6 11. O-O Rc8 12. Bd2 Nd7 13. Rc1 h6 14. Kh1 Kh8 15.
b3 f5 16. exf5 Bxf5 17. Be3 Nc5 18. Bg4 Qd7 19. Bxf5 Qxf5 20. Bxc5 dxc5 21. Ne3
Qf7 22. Qd5 Qg6 23. Qe4 Qh5 1/2-1/2

[Event "XV Festival A"]
[Site "Cesenatico ITA"]
[Date "2011.09.10"]
[Round "9"]
[White "Drei, Andrea"]
[Black "Barletta, Mauro"]
[WhiteElo "2260"]
[BlackElo "2235"]
[Result "1-0"]
[PlyCount "121"]
[EventDate "2011.09.03"]

1. e4 d5 2. exd5 Qxd5 3. Nf3 Bg4 4. Be2 Nf6 5. d4 Nc6 6. c4 Qf5 7. Be3 O-O-O 8.
Nc3 e5 9. d5 e4 10. Nd4 Nxd4 11. Bxd4 Bxe2 12. Qxe2 Bb4 13. O-O Bxc3 14. Bxc3
Rhe8 15. Rfe1 h5 16. Rad1 Qg5 17. Qc2 h4 18. Bxf6 gxf6 19. Rxe4 h3 20. f4 Qf5
21. Rde1 hxg2 22. Qe2 Rg8 23. Qf2 Qh5 24. Qxa7 Rh8 25. Qa8+ Kd7 26. Re7+ Kd6
27. Qa3+ c5 28. dxc6+ Kxc6 29. Qa4+ Kd6 30. Qb4+ Qc5+ 31. Qxc5+ Kxc5 32. Kxg2
Rd4 33. R7e4 Rdd8 34. a3 Rdg8+ 35. Kh1 Rg4 36. b4+ Kc6 37. f5 Rg5 38. Re7 Rh7
39. R1e6+ fxe6 40. Rxh7 Rxf5 41. Kg2 e5 42. h4 Rf4 43. c5 e4 44. h5 f5 45. Rf7
e3 46. Re7 Rf2+ 47. Kg3 f4+ 48. Kg4 e2 49. h6 f3 50. h7 Rh2 51. Kxf3 Rxh7 52.
Re6+ Kd5 53. Rd6+ Kc4 54. Kxe2 Rh2+ 55. Ke3 Rh7 56. Ke4 Rg7 57. Ke5 Kb5 58. Ke6
Rc7 59. Rd7 Rc6+ 60. Kd5 Ka6 61. b5+ 1-0

[Event "XV Festival A"]
[Site "Cesenatico ITA"]
[Date "2011.09.10"]
[Round "9"]
[White "Galassi, Federico"]
[Black "Wlodarczyk, Robert"]
[WhiteElo "2176"]
[BlackElo "2264"]
[Result "1/2-1/2"]
[PlyCount "42"]
[EventDate "2011.09.03"]

1. e4 c6 2. d4 d5 3. exd5 cxd5 4. c4 Nf6 5. Nc3 e6 6. Nf3 Bb4 7. cxd5 Nxd5 8.
Bd2 Nc6 9. Bd3 Be7 10. O-O O-O 11. Qe2 Nf6 12. Ne4 Qd5 13. Rfe1 Rd8 14. Bg5 Nh5
15. Ne5 Bxg5 16. Qxh5 Nxe5 17. dxe5 Be7 18. Re3 f5 19. Ng5 Bxg5 20. Qxg5 Bd7
21. Rae1 Bc8 1/2-1/2

[Event "XV Festival A"]
[Site "Cesenatico ITA"]
[Date "2011.09.10"]
[Round "9"]
[White "Green, Andrew D."]
[Black "MacQueen, Calum"]
[WhiteElo "2161"]
[BlackElo "2158"]
[Result "0-1"]
[PlyCount "34"]
[EventDate "2011.09.03"]

1. e4 c5 2. Nf3 d6 3. d4 cxd4 4. Nxd4 Nf6 5. Nc3 g6 6. Be3 Bg7 7. f3 O-O 8. Qd2
Nc6 9. O-O-O Bd7 10. g4 Rc8 11. h4 Ne5 12. Kb1 b5 13. Ncxb5 Rb8 14. Nc3 Nxf3
15. Nxf3 Nxe4 16. Nxe4 Rxb2+ 17. Kc1 Rb1+ 0-1

[Event "XV Festival A"]
[Site "Cesenatico ITA"]
[Date "2011.09.10"]
[Round "9"]
[White "Klocker, Benedikt"]
[Black "Galdunts, Sergey"]
[WhiteElo "2231"]
[BlackElo "2462"]
[Result "0-1"]
[PlyCount "108"]
[EventDate "2011.09.03"]

1. d4 d5 2. c4 e6 3. Nf3 c6 4. e3 Bd6 5. b3 f5 6. Bd3 Nf6 7. O-O Qe7 8. Bb2 O-O
9. Qc1 Nbd7 10. Ba3 Ne4 11. Bxd6 Nxd6 12. Nbd2 Ne4 13. Qc2 Rf6 14. Rfe1 Rh6 15.
Nf1 b6 16. N3d2 Bb7 17. f3 Nxd2 18. Qxd2 Rf8 19. e4 dxe4 20. fxe4 Qd6 21. Qe3
c5 22. dxc5 Nxc5 23. Rad1 Qc6 24. Nd2 fxe4 25. Bxe4 Nxe4 26. Qxe4 Qc5+ 27. Qe3
Rg6 28. g3 Qc6 29. Qe4 Qc5+ 30. Qe3 Qc6 31. Qe4 Qc8 32. Qe3 Rg4 33. Qxe6+ Qxe6
34. Rxe6 Rd4 35. Re2 Bf3 36. Nxf3 Rxd1+ 37. Kg2 Rfd8 38. Re7 R1d7 39. Re5 Kf8
40. Ng5 Rd2+ 41. Kh3 R8d7 42. Nxh7+ Kf7 43. a4 Re7 44. Rb5 Kg6 45. Nf8+ Kh6 46.
Rd5 Rxd5 47. cxd5 Kg5 48. Ne6+ Kf6 49. Nd8 Rd7 50. Nc6 a5 51. b4 axb4 52. Nxb4
Ra7 53. d6 Ke6 54. d7 Rxd7 0-1

[Event "XV Festival A"]
[Site "Cesenatico ITA"]
[Date "2011.09.10"]
[Round "9"]
[White "Lain, Luigi"]
[Black "Roeder, Matthias"]
[WhiteElo "2234"]
[BlackElo "2398"]
[Result "0-1"]
[PlyCount "62"]
[EventDate "2011.09.03"]

1. d4 Nf6 2. c4 e6 3. Nc3 Bb4 4. Qc2 O-O 5. Bg5 c5 6. e3 d5 7. Nf3 Nbd7 8. cxd5
exd5 9. dxc5 Qa5 10. Bd3 Ne4 11. O-O Bxc3 12. bxc3 Ndxc5 13. Be7 Re8 14. Bxc5
Qxc5 15. c4 Bd7 16. cxd5 Qxd5 17. Rfd1 Bg4 18. Rab1 Bxf3 19. gxf3 Qg5+ 20. Kf1
Rac8 21. Qxc8 Rxc8 22. Bxe4 b6 23. Rd7 Rd8 24. Rxa7 g6 25. Rxb6 Rd1+ 26. Ke2
Qg1 27. f4 Qf1+ 28. Kf3 Rd2 29. Bd5 Qxf2+ 30. Kg4 Qg1+ 31. Kf3 Qg2# 0-1

[Event "XV Festival A"]
[Site "Cesenatico ITA"]
[Date "2011.09.10"]
[Round "9"]
[White "Mrdja, Milan"]
[Black "Raineri, Valerio"]
[WhiteElo "2402"]
[BlackElo "2150"]
[Result "1-0"]
[PlyCount "55"]
[EventDate "2011.09.03"]

1. e4 e5 2. Bc4 Bc5 3. Nf3 Nc6 4. O-O Nf6 5. d3 a6 6. c3 Qe7 7. d4 Ba7 8. Re1
d6 9. h3 h6 10. Be3 O-O 11. Nbd2 Kh7 12. a4 g6 13. b4 Nh5 14. b5 Nd8 15. Bf1 f6
16. Nc4 Nf7 17. Qb1 f5 18. b6 f4 19. Bc1 cxb6 20. dxe5 b5 21. axb5 axb5 22. Nb6
Bxb6 23. Rxa8 Nxe5 24. Nxe5 Qxe5 25. Qxb5 Qxc3 26. Qxb6 Qxe1 27. Qc7+ Kg8 28.
Rxc8 1-0

[Event "XV Festival A"]
[Site "Cesenatico ITA"]
[Date "2011.09.10"]
[Round "9"]
[White "Petkov, Vladimir"]
[Black "Korneev, Oleg"]
[WhiteElo "2511"]
[BlackElo "2580"]
[Result "0-1"]
[PlyCount "110"]
[EventDate "2011.09.03"]

1. d4 d5 2. c4 e6 3. Nc3 c6 4. Nf3 Nf6 5. cxd5 exd5 6. Bg5 Be7 7. Qc2 g6 8. e4
dxe4 9. Bxf6 Bxf6 10. Qxe4+ Kf8 11. Bc4 Bf5 12. Qf4 Qe7+ 13. Kf1 Qb4 14. Bb3 h5
15. Ne4 Nd7 16. Nd6 Be5 17. Nxe5 Qxd6 18. Bc2 Nxe5 19. dxe5 Qe6 20. Bxf5 Qxf5
21. Qxf5 gxf5 22. Ke2 Re8 23. f4 f6 24. Rad1 fxe5 25. Rd7 Rg8 26. Rxb7 Rxg2+
27. Kf3 Rg7 28. Rxg7 e4+ 29. Ke2 Kxg7 30. Rc1 Re6 31. Rc5 Kf6 32. Ra5 Re7 33.
Rc5 Re6 34. Ra5 Rd6 35. Rc5 h4 36. Rc3 Kg6 37. b4 Kh5 38. h3 Kg6 39. a3 Kf6 40.
Ke3 Ke7 41. Rc5 Rd3+ 42. Ke2 Ke6 43. Re5+ Kf6 44. Rc5 Rxa3 45. Rxc6+ Ke7 46. b5
Rxh3 47. Ra6 Rb3 48. Rxa7+ Ke6 49. Ra6+ Kd5 50. Rf6 h3 51. Rxf5+ Kd4 52. Kf2
e3+ 53. Kf3 h2 54. Rh5 e2+ 55. Kxe2 Rb1 0-1

[Event "XV Festival A"]
[Site "Cesenatico ITA"]
[Date "2011.09.10"]
[Round "9"]
[White "Schaefer, Michael"]
[Black "Xia, Jie"]
[WhiteElo "2244"]
[BlackElo "2249"]
[Result "1-0"]
[PlyCount "57"]
[EventDate "2011.09.03"]

1. d4 Nf6 2. Nf3 g6 3. c4 Bg7 4. Nc3 O-O 5. h3 c5 6. d5 d6 7. Bf4 Na6 8. e4 Nc7
9. Bd3 Nh5 10. Bg5 h6 11. Be3 e5 12. Qd2 Nf4 13. Bxf4 exf4 14. Qxf4 Rb8 15. O-O
f5 16. exf5 Bxf5 17. Bxf5 Rxf5 18. Qg3 g5 19. Rfe1 b5 20. Nxb5 Nxb5 21. cxb5
Rxb5 22. Re6 Rxb2 23. Rae1 Kh7 24. Qg4 Rf8 25. Qe4+ Kg8 26. Qg6 Qa5 27. Re7 Qc3
28. R1e5 Qc1+ 29. Ne1 1-0